000 00515nam a22001817a 4500
999 _c17983
_d17983
003 AR-CdUCM
008 190504b ||||| |||| 00| 0 spa d
040 _aMUNICIPALIDAD PROVINCIAL DEL CUSCO
_cBIBLIOTECA MUNICIPAL DEL CUSCO
082 _a108 /
_bH41
100 _aHeraclito
_938287
245 _aFragmentos /
260 _aBuenos Aires :
_bAguilar,
_c1963.
300 _a181 páginas ;
_c16 cm.
505 _aBiografía -- Fragmentos...
650 _aFragmentos.
_935919
942 _2ddc
_cLIBROS
945 _awfj